000 005600000a22001930004500
041 0 _aSPA
082 0 4 _aG 658 S5941c
100 1 _aSimon, Herbert A.
245 1 0 _aEl comportamiento administrativo : Estudio de los procesos de adopción de decisiones en la organización administrativa / Herbert A. Simon
250 _a2
260 _aMadrid : Aguilar
300 _a240 Pag
650 1 4 _aADMINISTRACION
001 12989
942 _cBK
999 _c41988
_d41988
336 _atexto
_btxt
_2rdacontent
337 _2rdamedia
_asin mediación
_bn
338 _2rdacarrier
_avolumen
_bnc